000 00313nam a22001337a 4500
008 171020b xxu||||| |||| 00| 0 eng d
020 _a9780073405001
041 _aeng
080 _26 ED
_a338
100 _a54
101 _aMEN
245 _aSUPERVISION CONCEPTS SKILL BUILDING
_cCERTO.S.C
942 _2udc
_cBK
999 _c35065
_d35065